000 00305nam a2200109Ia 4500
008 171211s9999 xx 000 0 und d
245 _aLee Hammond's Big Book of Acrylic Painting
245 _cLee Hammond
260 _c2012
650 _xDrawing
856 _uhttp://down.ebook777.com/005/9781440308581.rar
999 _c348030
_d348030